• 首页
  • 本馆介绍
  • 公告通知
  • 最新文献
  • 馆藏检索
  • 电子资源
  • 读者导购
  • 参考咨询
  • 我的图书馆
  • 登录
  • 详细信息显示
  • 放入我的书架
  • 预约/预借图书
  • 作者相关作品
  • 分类相关作品
  • 丛书相关作品
  • 出版社相关作品

书目信息

  • 表格格式
  • 工作单格式
  • 卡片格式
题名:
清代外交礼仪的交涉与论争
    
 
作者: 王开玺 著
分册:  
出版信息: 北京   人民出版社  2009.07
页数: 821页
开本: 21cm
丛书名: 国家清史编纂委员会·研究丛刊
单 册:
中图分类: D829.11
科图分类:
主题词: 外交礼节--研究--中国--清代 , 外交礼节
电子资源:
ISBN: 978-7-01-007781-9
000 00955oam2 2200277 450
001 010010029104
005 20120618153431.85
010    @a978-7-01-007781-9@dCNY62.00
100    @a20090904d2009 em y0chiy0110 ea
101 0  @achi
102    @aCN@b110000
105    @af z 001yy
106    @ar
200 1  @a清代外交礼仪的交涉与论争@9qing dai wai jiao li yi de jiao she yu lun zheng@f王开玺著
210    @a北京@c人民出版社@d2009.07
215    @a821页@c照片@d21cm
225 2  @a国家清史编纂委员会·研究丛刊
320    @a有索引
330    @a本书是全面研究清代外交礼仪的交涉与论争一部专著。首先对外交与外交礼仪的方方面面进行了论述,并详细介绍了明末清初中外的接触及由此带来的相关问题。
461  0 @12001 @a国家清史编纂委员会·研究丛刊
606 0  @a外交礼节@x研究@y中国@z清代
606 0  @a外交礼节
690    @aD829.11@v4
701  0 @a王开玺@9wang kai xi@f(1949~)@4著
801  0 @aCN@bRENTIAN@c20090904
905    @b540426-30@dD829.11@e123@f5
    
    清代外交礼仪的交涉与论争/王开玺著.-北京:人民出版社,2009.07
    821页:照片;21cm.-(国家清史编纂委员会·研究丛刊)
    
    
    ISBN 978-7-01-007781-9:CNY62.00
    本书是全面研究清代外交礼仪的交涉与论争一部专著。首先对外交与外交礼仪的方方面面进行了论述,并详细介绍了明末清初中外的接触及由此带来的相关问题。
●
相关链接 在E读中查询图书 在五车中查询图书 在当当中查询图书 在豆瓣中查询图书


正题名:清代外交礼仪的交涉与论争     索取号:D829.11/123         预约/预借

序号 登录号 条形码 馆藏地/架位号 状态 备注
1 540426   205404267   第一样本阅览室/ [索取号:D829.11/123] 在馆    
2 540427   205404276   第一借阅区/ [索取号:D829.11/123] 在馆    
3 540428   205404285   第一借阅区/ [索取号:D829.11/123] 在馆    
4 540429   205404294   第一借阅区/ [索取号:D829.11/123] 在馆    
5 540430   205404301   第一借阅区/ [索取号:D829.11/123] 在馆    
唐山师范学院图书馆 欢迎您!
大连网信软件有限公司© 版权所有